Carregant...

Theory and practice of translation /

Dades bibliogràfiques
Autor principal: Eugene A Nida
Altres autors: Charles R Taber
Format: Printed Book
Publicat: Leiden ; Boston, MA : Brill, 2003.
Matèries:
LEADER 00712cam a2200181 a 4500
020 |a 9004132813  
082 0 0 |a 418.02  |b EUG/T 
100 1 |a Eugene A Nida.  |9 9902 
245 1 4 |a Theory and practice of translation /  |c by Eugene A. Nida and Charles R. Taber. 
260 |a Leiden ;  |a Boston, MA :  |b Brill,  |c 2003. 
300 |a viii, 218 p. :  |b ill. ; 
500 |a Originally published: 1969, in series: Helps for translators, v. 8. 
650 |a Translation   |9 9903 
650 |a Language  |9 9904 
700 1 |a Charles R Taber,  |9 9905 
942 |c BK 
999 |c 64104  |d 64104 
952 |0 0  |1 0  |4 0  |6 418_020000000000000_EUG_T  |7 0  |9 85589  |a SSUS  |b SSUS  |c STACKS  |d 2017-01-24  |g 4185.00  |l 4  |o 418.02 EUG/T  |p 083314  |r 2019-12-13  |s 2019-12-04  |w 2017-01-24  |y BK